00992nam a2200277 i 450000100060000000300090000600500170001500700030003200800410003501600180007602000180009404000280011208000150014010000430015524501050019825000170030326000330032030000480035349000310040150400300043270000410046283000390050385200330054299900170057595201220059213588ES-MaACL20240605122613.0t|890512s1990 sp ||||0| spa j7 zSAB9000050212 a84-7039-228-X aM-BN-DP bspa cM-BN-DP a860-14"19"1 aAleixandre, Vicente,d1898-198491968810aSombra del paraíso / cVicente Aleixandre ; edición, introducción y notas de Leopoldo de Luis. a3ª ed. rev. aMadrid : bCastalia, c1990. a206 p., [4] p. de lám : bfacs ; c18 cm.1 aClásicos Castalia ; v71 aBibliografía: p. 62-81.1 aLuis, Leopoldo de,d1918-20059746820 aClásicos Castalia ; v719178595 aES-MaACLjL-20983 bR.126588 c13588d13588 00104070aATENEOMbATENEOMcDEPO2d2008-01-17eSCl0oL-20983p1013832r2023-02-23 00:00:00w2023-02-23yMONOGRAFIA